Double D Words Quiz Stats

 Plays Quiz Updated Nov 12, 2018

Support Sporcle.
Go Orange.
Score 0/30 Timer 07:00
0 Plays Today
clue DD Answer % Correct
It's under a cow, but not a bulludder
89.2%
Concealedhidden
86.9%
'It's the single most popular cheese in the world!'cheddar
86.9%
Horse rider's seatsaddle
84.9%
Young child, just learning to walktoddler
83.5%
Matrimony ceremonywedding
81.2%
Another name for Junior High School; students are typically aged 11-14Middle School
78.8%
This major religion has two main branches, Theravada and Mahayana Buddhism
70.5%
Coach/commentator whose name is synonymous with EA Sports' NFL GameJohn Madden
63.1%
High German language of Jewish originYiddish
58.1%
An addition to a documentaddendum
56.1%
Happening or coming unexpectedlysudden
54.5%
Along with cod and plaice, one of the most popular fish used for fish and chipshaddock
51.7%
Something unusual (like Major Tom's space flight)oddity
49.8%
Poor, as in workmanshipshoddy
49.4%
clue DD Answer % Correct
Marmalade loving bear from children's literaturePaddington Bear
49.2%
Generic term for a bowed stringed instrument, typically a violinfiddle
47.2%
Swirling water created when a current collides with an obstacle, or another currenteddy
41.7%
Activity for the Whistler Sliding Centre during the 2010 Olympic Gamesbobsledding
32%
Lassie's sonLaddie
31.8%
To be overprotective and indulgent, especially to childrencoddle
28.3%
You'd think pancakes had enough synonyms with hotcakes and flapjacks, but this is another onegriddlecakes
26%
Scoundrel portrayed by Rowan Atkinson in 4 BBC seriesEdmund Blackadder
25.7%
Played Lois Lane opposite Christopher Reeve's SupermanMargot Kidder
19.6%
This East African Capital is where the African Union is based.Addis Ababa
18.7%
Band that had debut album hits with 'I Wanna Sex You Up', 'Adore Mi Amor' and 'All 4 Love'Color Me Badd
17.2%
Name given to a crane fly in the UK, a harvestman in the US and a cellar spider in Australiadaddy longlegs
16.5%
US newsman Roger or Captain Kirk antagonist HarryMudd
16.2%
Number One hit for Manfred MannDo Wah Diddy Diddy
7.8%
Gorilla enemy of The FlashGrodd
5.1%

From the Vault

The Great Border Journey

by Unidentifiedkiwi

These countries are just a hop and a skip away from each other...kind of.
Remove Ads.
Support Sporcle.
Get the best of Sporcle when you Go Orange. This ad-free experience offers more features, more stats, and more fun while also helping to support Sporcle. Thank you for becoming a member.

Show Comments

Extras

Top Quizzes Today


Score Distribution

Your Account Isn't Verified!

In order to create a playlist on Sporcle, you need to verify the email address you used during registration. Go to your Sporcle Settings to finish the process.

Report this User

Report this user for behavior that violates our Community Guidelines.

Details: